[Event "Crema op 09th"]
[Site "Crema"]
[Date "2007.09.07"]
[Round "1"]
[White "Calvi, Luca"]
[Black "Codenotti, Marco"]
[Result "1/2-1/2"]
[WhiteElo "1560"]
[BlackElo "1969"]
[PlyCount "75"]
[EventDate "2007.09.07"]
[EventType "swiss"]
[EventRounds "6"]
[EventCountry "ITA"]
[SourceTitle "EXT 2009"]
[Source "ChessBase"]
[SourceDate "2008.11.26"]
[SourceVersion "1"]
[SourceVersionDate "2008.11.26"]
[SourceQuality "1"]

1. d4 Nf6 2. c4 g6 3. Nc3 Bg7 4. e4 d6 5. f3 0-0 6. Bg5 Nc6 7. Nge2 e5 8. d5 Nd4 9. Nxd4 exd4 10. Qxd4 Re8 11. Qd2 a6 12. a4 h6 13. Be3 Rb8 14. Bd3 Nd7 15. 0-0 Ne5 16. Be2 Kh7 17. a5 c6 18. Ba7 Ra8 19. Be3 c5 20. Na4 Rb8 21. Rab1 f5 22. f4 Nxc4 23. Bxc4 Rxe4 24. b3 Rxe3 25. Kh1 Re8 26. Rfe1 Bd7 27. Nb6 Re7 28. b4 Re4 29. Rxe4 fxe4 30. bxc5 dxc5 31. Nxd7 Qxd7 32. Bxa6 Bd4 33. Bc4 e3 34. Qc2 Rf8 35. Rb6 Qg7 36. g3 Rf6 37. d6 Kh8 38. Qe4 1/2-1/2